书目信息 |
| 题名: |
生物技术制药
|
|
| 作者: | 张林生 主编 | |
| 分册: | ||
| 出版信息: | 北京 科学出版社 2008.06 |
|
| 页数: | 261页 | |
| 开本: | 26cm | |
| 丛书名: | ||
| 单 册: | ||
| 中图分类: | TQ464 | |
| 科图分类: | ||
| 主题词: | 生物技术--sheng wu ji shu--应用--药物--生产--高等学校--教材 | |
| 电子资源: | ||
| ISBN: | 978-7-03-021376-1 | |
| 000 | 00879nam0 2200253 450 | |
| 001 | 012009099491 | |
| 005 | 20091128110907.51 | |
| 010 | @a978-7-03-021376-1@dCNY30.00 | |
| 100 | @a20091128d2008 em y0chiy0120 ea | |
| 101 | 0 | @achi |
| 102 | @aCN@b110000 | |
| 105 | @aak a 000yy | |
| 106 | @ar | |
| 200 | 1 | @a生物技术制药@Asheng wu ji shu zhi yao@f张林生主编@Fzhang lin sheng zhu bian |
| 210 | @a北京@c科学出版社@d2008.06 | |
| 215 | @a261页@c图@d26cm | |
| 300 | @a普通高等教育“十一五”规划教材 | |
| 320 | @a有书目 (第259-261页) | |
| 330 | @a全书共分为9章,内容包括:基因工程制药、细胞工程制药、酶工程制药、生物化学制药、生物制药的下游技术、医药生物制品等。 | |
| 606 | 0 | @a生物技术@Asheng wu ji shu@x应用@x药物@x生产@x高等学校@j教材 |
| 690 | @aTQ464@v4 | |
| 701 | 0 | @a张林生@Azhang lin sheng@4主编 |
| 801 | 0 | @aCN@bQSSK@c20091128 |
| 905 | @b767001-03@dTQ464@eZ136@f3 | |
| 生物技术制药/张林生主编.-北京:科学出版社,2008.06 |
| 261页:图;26cm |
| 普通高等教育“十一五”规划教材 |
| ISBN 978-7-03-021376-1:CNY30.00 |
| 全书共分为9章,内容包括:基因工程制药、细胞工程制药、酶工程制药、生物化学制药、生物制药的下游技术、医药生物制品等。 |
| ● |
| 相关链接 |
|
|
|
正题名:生物技术制药
索取号:TQ464/Z136
 
预约/预借
| 序号 | 登录号 | 条形码 | 馆藏地/架位号 | 状态 | 备注 |
| 1 | 767001 | 207670019 | 自科库501/501自科库 70排1列3层/ [索取号:TQ464/Z136] | 在馆 | |
| 2 | 767002 | 207670028 | 自科库501/501自科库 70排1列3层/ [索取号:TQ464/Z136] | 在馆 | |
| 3 | 767003 | 207670037 | 期刊室512/501自科库 70排1列3层/ [索取号:TQ464/Z136] | 在馆 |